[Event "European Chess Club Cup 2023"]
[Site "Durres, Albania"]
[Date "2023.10.02"]
[Round "2.66"]
[White "Huzman, Alexander"]
[Black "Torres Sanchez, Jose"]
[Result "1/2-1/2"]
[TimeControl "90' + 30' & 30\""]
[WhiteElo "2526"]
[BlackElo "2187"]

1. d4 {[%clk 01:30:30]} {[%emt 00:00:30]} Nf6 {[%clk 01:30:18]} {[%emt
00:00:42]} 2. Nf3 {[%clk 01:30:12]} {[%emt 00:00:49]} d6 {[%clk 01:29:54]}
{[%emt 00:00:53]} 3. Nc3 {[%clk 01:28:27]} {[%emt 00:02:15]} g6 {[%clk
01:29:59]} {[%emt 00:00:24]} 4. e4 {[%clk 01:27:45]} {[%emt 00:01:13]} Bg7
{[%clk 01:30:23]} {[%emt 00:00:06]} 5. Be3 {[%clk 01:27:12]} {[%emt 00:01:03]}
a6 {[%clk 01:29:33]} {[%emt 00:01:19]} 6. a4 {[%clk 01:24:15]} {[%emt
00:03:28]} b6 {[%clk 01:28:09]} {[%emt 00:01:55]} 7. h3 {[%clk 01:23:52]}
{[%emt 00:00:54]} Bb7 {[%clk 01:28:18]} {[%emt 00:00:20]} 8. Nd2 {[%clk
01:24:17]} {[%emt 00:00:05]} O-O {[%clk 01:27:11]} {[%emt 00:01:37]} 9. Be2
{[%clk 01:23:35]} {[%emt 00:01:12]} c5 {[%clk 01:26:40]} {[%emt 00:01:01]} 10.
d5 {[%clk 01:13:09]} {[%emt 00:10:57]} e6 {[%clk 01:23:52]} {[%emt 00:03:18]}
11. Nc4 {[%clk 01:08:59]} {[%emt 00:04:40]} exd5 {[%clk 01:22:50]} {[%emt
00:01:31]} 12. exd5 {[%clk 01:09:08]} {[%emt 00:00:21]} b5 {[%clk 01:19:12]}
{[%emt 00:04:07]} 13. axb5 {[%clk 01:07:12]} {[%emt 00:02:28]} axb5 {[%clk
01:19:33]} {[%emt 00:00:09]} 14. Rxa8 {[%clk 01:07:11]} {[%emt 00:00:32]} Bxa8
{[%clk 01:19:55]} {[%emt 00:00:06]} 15. Nxb5 {[%clk 01:07:37]} {[%emt
00:00:05]} Nxd5 {[%clk 01:20:10]} {[%emt 00:00:15]} 16. Bc1 {[%clk 01:07:57]}
{[%emt 00:00:10]} Nb6 {[%clk 01:17:34]} {[%emt 00:03:04]} 17. O-O {[%clk
01:02:04]} {[%emt 00:06:25]} Nxc4 {[%clk 01:17:26]} {[%emt 00:00:38]} 18. Bxc4
{[%clk 01:01:23]} {[%emt 00:01:10]} d5 {[%clk 01:17:33]} {[%emt 00:00:23]} 19.
Be2 {[%clk 01:01:50]} {[%emt 00:00:03]} Nd7 {[%clk 01:17:32]} {[%emt 00:00:30]}
20. b3 {[%clk 00:52:45]} {[%emt 00:09:37]} Re8 {[%clk 01:14:48]} {[%emt
00:03:12]} 21. Bf4 {[%clk 00:48:24]} {[%emt 00:04:52]} Ne5 {[%clk 01:13:03]}
{[%emt 00:02:15]} 22. Bxe5 {[%clk 00:44:30]} {[%emt 00:04:24]} Rxe5 {[%clk
01:10:15]} {[%emt 00:03:17]} 23. Bf3 {[%clk 00:44:50]} {[%emt 00:00:11]} Qb8
{[%clk 01:08:36]} {[%emt 00:02:08]} 24. Nc3 {[%clk 00:39:41]} {[%emt 00:05:40]}
d4 {[%clk 01:07:41]} {[%emt 00:01:25]} 25. Nb1 {[%clk 00:39:24]} {[%emt
00:00:47]} Bxf3 {[%clk 01:04:49]} {[%emt 00:03:22]} 26. Qxf3 {[%clk 00:39:48]}
{[%emt 00:00:06]} Qb4 {[%clk 01:05:06]} {[%emt 00:00:12]} 27. Qd3 {[%clk
00:33:00]} {[%emt 00:07:19]} Bh6 {[%clk 01:03:30]} {[%emt 00:02:05]} 28. g3
{[%clk 00:33:04]} {[%emt 00:00:26]} Qb8 {[%clk 00:58:51]} {[%emt 00:05:09]} 29.
Qf3 {[%clk 00:30:39]} {[%emt 00:02:56]} Qa7 {[%clk 00:40:19]} {[%emt 00:19:02]}
30. Qd3 {[%clk 00:28:13]} {[%emt 00:02:57]} Qd7 {[%clk 00:26:26]} {[%emt
00:14:22]} 31. Kg2 {[%clk 00:27:28]} {[%emt 00:01:16]} Qb7+ {[%clk 00:24:55]}
{[%emt 00:01:59]} 32. Qf3 {[%clk 00:25:20]} {[%emt 00:02:38]} Qa6 {[%clk
00:24:54]} {[%emt 00:00:30]} 33. c3 {[%clk 00:13:04]} {[%emt 00:12:47]} Rf5
{[%clk 00:17:53]} {[%emt 00:07:31]} 34. Qe4 {[%clk 00:12:53]} {[%emt 00:00:42]}
Be3 {[%clk 00:15:17]} {[%emt 00:03:06]} 35. cxd4 {[%clk 00:03:52]} {[%emt
00:09:31]} cxd4 {[%clk 00:15:36]} {[%emt 00:00:10]} 36. Nc3 {[%clk 00:04:13]}
{[%emt 00:00:09]} dxc3 {[%clk 00:07:15]} {[%emt 00:08:51]} 37. Qxe3 {[%clk
00:04:38]} {[%emt 00:00:06]} Qc6+ {[%clk 00:06:51]} {[%emt 00:00:53]} 38. Kh2
{[%clk 00:03:04]} {[%emt 00:02:05]} Rf3 {[%clk 00:06:56]} {[%emt 00:00:23]} 39.
Qe2 {[%clk 00:02:11]} {[%emt 00:01:24]} Qd5 {[%clk 00:06:19]} {[%emt 00:01:05]}
40. Re1 {[%clk 00:00:55]} {[%emt 00:01:48]} Rf6 {[%clk 00:03:03]} {[%emt
00:03:45]} 41. Qc2 {[%clk 00:19:53]} {[%emt 00:11:32]} h5 {[%clk 00:29:06]}
{[%emt 00:04:28]} 42. h4 {[%clk 00:17:14]} {[%emt 00:03:09]} Rf3 {[%clk
00:24:49]} {[%emt 00:04:46]} 43. Qe2 {[%clk 00:17:30]} {[%emt 00:00:15]} Rd3
{[%clk 00:24:25]} {[%emt 00:00:54]} 44. Qe4 {[%clk 00:15:55]} {[%emt 00:02:04]}
Qxe4 {[%clk 00:16:31]} {[%emt 00:08:24]} 45. Rxe4 {[%clk 00:16:03]} {[%emt
00:00:22]} Rd2 {[%clk 00:16:41]} {[%emt 00:00:20]} 46. Kg2 {[%clk 00:15:44]}
{[%emt 00:00:50]} Rb2 {[%clk 00:16:58]} {[%emt 00:00:11]} 47. b4 {[%clk
00:16:10]} {[%emt 00:00:05]} c2 {[%clk 00:17:22]} {[%emt 00:00:06]} 48. Rc4
{[%clk 00:16:38]} {[%emt 00:00:03]} Rxb4 {[%emt 00:00:06]} 1/2-1/2

[Event "European Chess Club Cup 2023"]
[Site "Durres, Albania"]
[Date "2023.10.02"]
[Round "2.67"]
[White "Sanal, Vahap"]
[Black "Thorfinnsson, Bragi"]
[Result "1-0"]
[TimeControl "90' + 30' & 30\""]
[WhiteElo "2603"]
[BlackElo "2396"]

1. e4 {[%clk 01:30:43]} {[%emt 00:00:16]} c5 {[%clk 01:29:23]} {[%emt
00:01:38]} 2. Nf3 {[%clk 01:31:03]} {[%emt 00:00:09]} d6 {[%clk 01:29:43]}
{[%emt 00:00:10]} 3. d4 {[%clk 01:29:43]} {[%emt 00:01:50]} cxd4 {[%clk
01:30:03]} {[%emt 00:00:10]} 4. Nxd4 {[%clk 01:30:08]} {[%emt 00:00:05]} Nf6
{[%clk 01:30:23]} {[%emt 00:00:10]} 5. Nc3 {[%clk 01:30:32]} {[%emt 00:00:05]}
Bd7 {[%clk 01:29:43]} {[%emt 00:01:11]} 6. Bg5 {[%clk 01:25:30]} {[%emt
00:05:33]} e5 {[%clk 01:26:47]} {[%emt 00:03:26]} 7. Ndb5 {[%clk 01:20:17]}
{[%emt 00:05:42]} Bxb5 {[%clk 01:27:08]} {[%emt 00:00:11]} 8. Bxb5+ {[%clk
01:16:19]} {[%emt 00:04:27]} Nc6 {[%clk 01:27:26]} {[%emt 00:00:12]} 9. O-O
{[%clk 01:14:08]} {[%emt 00:02:40]} Be7 {[%clk 01:26:02]} {[%emt 00:01:54]} 10.
Nd5 {[%clk 01:04:52]} {[%emt 00:09:45]} a6 {[%clk 01:20:50]} {[%emt 00:05:44]}
11. Bxf6 {[%clk 01:02:43]} {[%emt 00:02:39]} Bxf6 {[%clk 01:19:26]} {[%emt
00:01:54]} 12. Bc4 {[%clk 01:02:56]} {[%emt 00:00:16]} O-O {[%clk 01:18:29]}
{[%emt 00:01:28]} 13. c3 {[%clk 01:02:39]} {[%emt 00:00:47]} Bg5 {[%clk
01:17:11]} {[%emt 00:01:48]} 14. g3 {[%clk 01:02:43]} {[%emt 00:00:25]} Ne7
{[%clk 01:14:10]} {[%emt 00:03:31]} 15. h4 {[%clk 01:01:19]} {[%emt 00:01:54]}
Bh6 {[%clk 01:12:44]} {[%emt 00:01:56]} 16. Qh5 {[%clk 01:01:38]} {[%emt
00:00:09]} Nxd5 {[%clk 01:04:21]} {[%emt 00:08:56]} 17. Bxd5 {[%clk 01:01:49]}
{[%emt 00:00:18]} Kh8 {[%clk 00:59:50]} {[%emt 00:05:02]} 18. Bxf7 {[%clk
00:56:41]} {[%emt 00:05:38]} Qd7 {[%clk 00:57:45]} {[%emt 00:02:35]} 19. Bc4
{[%clk 00:55:33]} {[%emt 00:01:37]} Qh3 {[%clk 00:56:27]} {[%emt 00:01:48]} 20.
Be2 {[%clk 00:51:44]} {[%emt 00:04:20]} Be3 {[%clk 00:52:20]} {[%emt 00:04:37]}
21. Qg4 {[%clk 00:51:52]} {[%emt 00:00:21]} Qxg4 {[%clk 00:52:31]} {[%emt
00:00:19]} 22. Bxg4 {[%clk 00:52:15]} {[%emt 00:00:07]} Bc5 {[%clk 00:52:52]}
{[%emt 00:00:09]} 23. Kg2 {[%clk 00:50:03]} {[%emt 00:02:42]} a5 {[%clk
00:49:44]} {[%emt 00:03:39]} 24. a4 {[%clk 00:49:51]} {[%emt 00:00:41]} Rf6
{[%clk 00:49:07]} {[%emt 00:01:08]} 25. h5 {[%clk 00:49:21]} {[%emt 00:01:00]}
Raf8 {[%clk 00:46:42]} {[%emt 00:02:55]} 26. f3 {[%clk 00:49:39]} {[%emt
00:00:11]} Rb8 {[%clk 00:46:06]} {[%emt 00:01:07]} 27. Rfd1 {[%clk 00:49:32]}
{[%emt 00:00:35]} Kg8 {[%clk 00:45:34]} {[%emt 00:01:04]} 28. Rab1 {[%clk
00:47:53]} {[%emt 00:02:08]} Kf8 {[%clk 00:43:39]} {[%emt 00:02:26]} 29. b4
{[%clk 00:46:07]} {[%emt 00:02:15]} axb4 {[%clk 00:43:04]} {[%emt 00:01:06]} 30.
cxb4 {[%clk 00:46:30]} {[%emt 00:00:06]} Bd4 {[%clk 00:43:18]} {[%emt
00:00:17]} 31. Rdc1 {[%clk 00:45:25]} {[%emt 00:01:35]} b6 {[%clk 00:38:30]}
{[%emt 00:05:18]} 32. Rc7 {[%clk 00:43:34]} {[%emt 00:02:20]} Rf7 {[%clk
00:34:55]} {[%emt 00:04:06]} 33. Rbc1 {[%clk 00:43:41]} {[%emt 00:00:22]} Rxc7
{[%clk 00:34:53]} {[%emt 00:00:32]} 34. Rxc7 {[%clk 00:44:04]} {[%emt
00:00:07]} Re8 {[%clk 00:34:07]} {[%emt 00:01:16]} 35. Bd7 {[%clk 00:43:34]}
{[%emt 00:01:01]} Re7 {[%clk 00:33:17]} {[%emt 00:01:20]} 36. a5 {[%clk
00:43:43]} {[%emt 00:00:21]} 1-0

[Event "European Chess Club Cup 2023"]
[Site "Durres, Albania"]
[Date "2023.10.02"]
[Round "2.68"]
[White "Sammalvuo, Tapani"]
[Black "Yilmaz, Mustafa"]
[Result "0-1"]
[TimeControl "90' + 30' & 30\""]
[WhiteElo "2386"]
[BlackElo "2640"]

1. d4 {[%clk 01:30:57]} {[%emt 00:00:02]} Nf6 {[%clk 01:30:52]} {[%emt
00:00:08]} 2. c4 {[%clk 01:31:25]} {[%emt 00:00:02]} e6 {[%clk 01:31:17]}
{[%emt 00:00:06]} 3. Nf3 {[%clk 01:31:51]} {[%emt 00:00:03]} d5 {[%clk
01:31:20]} {[%emt 00:00:27]} 4. Nc3 {[%clk 01:32:15]} {[%emt 00:00:06]} Bb4
{[%clk 01:31:45]} {[%emt 00:00:04]} 5. Qa4+ {[%clk 01:32:42]} {[%emt 00:00:05]}
Nc6 {[%clk 01:32:09]} {[%emt 00:00:06]} 6. e3 {[%clk 01:33:08]} {[%emt
00:00:04]} O-O {[%clk 01:32:34]} {[%emt 00:00:05]} 7. Bd2 {[%clk 01:32:59]}
{[%emt 00:00:38]} Bd6 {[%clk 01:25:28]} {[%emt 00:07:36]} 8. Qc2 {[%clk
01:29:56]} {[%emt 00:03:34]} Re8 {[%clk 01:20:46]} {[%emt 00:05:11]} 9. a3
{[%clk 01:26:28]} {[%emt 00:03:57]} a6 {[%clk 01:15:51]} {[%emt 00:05:26]} 10.
h3 {[%clk 01:24:39]} {[%emt 00:02:20]} h6 {[%clk 01:11:59]} {[%emt 00:04:22]}
11. Bd3 {[%clk 01:14:13]} {[%emt 00:10:55]} dxc4 {[%clk 01:08:08]} {[%emt
00:04:20]} 12. Bxc4 {[%clk 01:14:41]} {[%emt 00:00:02]} e5 {[%clk 01:05:51]}
{[%emt 00:02:48]} 13. O-O {[%clk 01:15:04]} {[%emt 00:00:07]} Bd7 {[%clk
00:57:58]} {[%emt 00:08:23]} 14. Ba2 {[%clk 01:11:37]} {[%emt 00:03:57]} Qc8
{[%clk 00:50:49]} {[%emt 00:07:39]} 15. d5 {[%clk 00:44:09]} {[%emt 00:27:59]}
Bxh3 {[%clk 00:41:49]} {[%emt 00:09:30]} 16. dxc6 {[%clk 00:29:05]} {[%emt
00:15:34]} Bxg2 {[%clk 00:38:17]} {[%emt 00:04:02]} 17. Nd5 {[%clk 00:15:28]}
{[%emt 00:14:07]} Nxd5 {[%clk 00:33:08]} {[%emt 00:05:39]} 18. Nh4 {[%clk
00:15:40]} {[%emt 00:00:18]} Bxf1 {[%clk 00:30:26]} {[%emt 00:03:12]} 19. Bxd5
{[%clk 00:15:56]} {[%emt 00:00:14]} Bh3 {[%clk 00:25:36]} {[%emt 00:05:20]} 20.
Qg6 {[%clk 00:13:57]} {[%emt 00:02:28]} Qg4+ {[%clk 00:21:35]} {[%emt
00:04:31]} 21. Qxg4 {[%clk 00:14:21]} {[%emt 00:00:07]} Bxg4 {[%clk 00:22:04]}
{[%emt 00:00:02]} 22. cxb7 {[%clk 00:14:42]} {[%emt 00:00:09]} Rab8 {[%clk
00:21:35]} {[%emt 00:00:58]} 23. Bc6 {[%clk 00:13:47]} {[%emt 00:01:25]} Re7
{[%clk 00:17:45]} {[%emt 00:04:20]} 24. Rc1 {[%clk 00:14:11]} {[%emt 00:00:06]}
Bd7 {[%clk 00:15:41]} {[%emt 00:02:34]} 25. b4 {[%clk 00:13:48]} {[%emt
00:00:53]} Bxc6 {[%clk 00:14:50]} {[%emt 00:01:21]} 26. Rxc6 {[%clk 00:14:15]}
{[%emt 00:00:03]} Rxb7 {[%clk 00:14:32]} {[%emt 00:00:47]} 27. Rxa6 {[%clk
00:14:39]} {[%emt 00:00:06]} Re8 {[%clk 00:12:42]} {[%emt 00:02:21]} 28. e4
{[%clk 00:14:33]} {[%emt 00:00:36]} Rbb8 {[%clk 00:12:36]} {[%emt 00:00:36]}
0-1

[Event "European Chess Club Cup 2023"]
[Site "Durres, Albania"]
[Date "2023.10.02"]
[Round "2.69"]
[White "Can, Emre"]
[Black "Thorfinnsson, Bjorn"]
[Result "1-0"]
[TimeControl "90' + 30' & 30\""]
[WhiteElo "2576"]
[BlackElo "2368"]

1. d4 {[%clk 01:30:54]} {[%emt 00:00:05]} Nf6 {[%clk 01:30:54]} {[%emt
00:00:07]} 2. c4 {[%clk 01:31:07]} {[%emt 00:00:18]} e6 {[%clk 01:31:17]}
{[%emt 00:00:07]} 3. Nf3 {[%clk 01:30:53]} {[%emt 00:00:44]} d5 {[%clk
01:31:38]} {[%emt 00:00:08]} 4. g3 {[%clk 01:31:08]} {[%emt 00:00:16]} Bb4+
{[%clk 01:31:41]} {[%emt 00:00:27]} 5. Bd2 {[%clk 01:31:13]} {[%emt 00:00:24]}
a5 {[%clk 01:31:47]} {[%emt 00:00:24]} 6. Bg2 {[%clk 01:30:45]} {[%emt
00:00:57]} O-O {[%clk 01:31:48]} {[%emt 00:00:30]} 7. Qc1 {[%clk 01:30:58]}
{[%emt 00:00:17]} c6 {[%clk 01:28:11]} {[%emt 00:04:08]} 8. O-O {[%clk
01:31:05]} {[%emt 00:00:22]} Nbd7 {[%clk 01:27:56]} {[%emt 00:00:45]} 9. Bf4
{[%clk 01:21:17]} {[%emt 00:10:18]} Be7 {[%clk 01:28:17]} {[%emt 00:00:10]} 10.
Rd1 {[%clk 01:20:54]} {[%emt 00:00:52]} b6 {[%clk 01:28:08]} {[%emt 00:00:39]}
11. Ne5 {[%clk 01:18:12]} {[%emt 00:03:12]} Bb7 {[%clk 01:20:36]} {[%emt
00:08:03]} 12. cxd5 {[%clk 01:14:30]} {[%emt 00:04:12]} cxd5 {[%clk 01:20:58]}
{[%emt 00:00:08]} 13. Nc6 {[%clk 01:13:54]} {[%emt 00:01:06]} Qe8 {[%clk
01:10:17]} {[%emt 00:11:10]} 14. Nxe7+ {[%clk 01:06:33]} {[%emt 00:07:52]} Qxe7
{[%clk 01:10:42]} {[%emt 00:00:05]} 15. Nc3 {[%clk 01:02:16]} {[%emt 00:04:47]}
Rfc8 {[%clk 01:10:42]} {[%emt 00:00:30]} 16. Qd2 {[%clk 00:58:24]} {[%emt
00:04:21]} Ne8 {[%clk 01:05:53]} {[%emt 00:05:20]} 17. f3 {[%clk 00:52:20]}
{[%emt 00:06:33]} Qb4 {[%clk 00:58:10]} {[%emt 00:08:13]} 18. e4 {[%clk
00:51:00]} Ndf6 {[%clk 00:57:45]} {[%emt 00:02:46]} 19. Rac1 {[%clk 00:48:35]}
a4 {[%clk 00:44:44]} {[%emt 00:16:26]} 20. a3 {[%emt 00:00:36]} Qa5 {[%clk
00:44:06]} {[%emt 00:01:06]} 21. e5 {[%clk 00:44:36]} {[%emt 00:04:24]} Nd7
{[%clk 00:42:10]} {[%emt 00:02:26]} 22. Bg5 {[%clk 00:44:54]} {[%emt 00:00:12]}
Rc7 {[%clk 00:41:02]} {[%emt 00:01:38]} 23. f4 {[%clk 00:41:13]} {[%emt
00:04:11]} Rac8 {[%clk 00:27:56]} {[%emt 00:13:36]} 24. f5 {[%clk 00:25:20]}
{[%emt 00:16:23]} b5 {[%clk 00:21:28]} {[%emt 00:06:59]} 25. fxe6 {[%clk
00:22:03]} {[%emt 00:03:47]} fxe6 {[%clk 00:21:45]} {[%emt 00:00:12]} 26. Qf2
{[%clk 00:21:21]} {[%emt 00:01:12]} Nf8 {[%clk 00:16:40]} {[%emt 00:05:35]} 27.
Rf1 {[%clk 00:21:39]} {[%emt 00:00:12]} Ng6 {[%clk 00:17:06]} {[%emt 00:00:04]}
28. h4 {[%clk 00:21:58]} {[%emt 00:00:11]} h6 {[%clk 00:16:04]} {[%emt
00:01:32]} 29. h5 {[%clk 00:18:42]} {[%emt 00:03:46]} Nh8 {[%clk 00:16:31]}
{[%emt 00:00:04]} 30. Be7 {[%clk 00:17:33]} {[%emt 00:01:38]} Rd7 {[%clk
00:14:45]} {[%emt 00:02:16]} 31. Bh3 {[%clk 00:14:58]} {[%emt 00:03:05]} Nc7
{[%clk 00:14:36]} {[%emt 00:00:40]} 32. Bd6 {[%clk 00:14:48]} {[%emt 00:00:39]}
Re8 {[%clk 00:14:35]} {[%emt 00:00:32]} 33. Ne2 {[%clk 00:13:29]} {[%emt
00:01:49]} Nf7 {[%clk 00:14:50]} {[%emt 00:00:14]} 34. Nf4 {[%clk 00:13:24]}
{[%emt 00:00:35]} Ng5 {[%clk 00:15:02]} {[%emt 00:00:18]} 35. Qc2 {[%clk
00:12:13]} {[%emt 00:01:42]} Qb6 {[%clk 00:10:07]} {[%emt 00:05:25]} 36. Bxc7
{[%clk 00:12:17]} {[%emt 00:00:26]} Qxd4+ {[%clk 00:10:33]} {[%emt 00:00:04]}
37. Kh2 {[%clk 00:11:43]} {[%emt 00:01:04]} Qe3 {[%clk 00:04:48]} {[%emt
00:06:15]} 38. Qd3 {[%clk 00:09:00]} {[%emt 00:03:12]} d4 {[%clk 00:05:04]}
{[%emt 00:00:14]} 39. Qxe3 {[%clk 00:09:24]} {[%emt 00:00:06]} dxe3 {[%clk
00:05:31]} {[%emt 00:00:03]} 40. Bd6 {[%clk 00:09:40]} {[%emt 00:00:14]} 1-0

[Event "European Chess Club Cup 2023"]
[Site "Durres, Albania"]
[Date "2023.10.02"]
[Round "2.70"]
[White "Thorarinsson, Pall A."]
[Black "Gokerkan, Cem Kaan"]
[Result "0-1"]
[TimeControl "90' + 30' & 30\""]
[WhiteElo "2165"]
[BlackElo "2515"]

1. Nf3 {[%clk 01:30:56]} {[%emt 00:00:03]} Nf6 {[%clk 01:30:11]} {[%emt
00:00:49]} 2. c4 {[%clk 01:30:26]} {[%emt 00:01:00]} g6 {[%clk 01:20:08]}
{[%emt 00:10:34]} 3. Nc3 {[%clk 01:30:40]} {[%emt 00:00:16]} Bg7 {[%clk
01:20:34]} {[%emt 00:00:04]} 4. g3 {[%clk 01:30:23]} {[%emt 00:00:47]} O-O
{[%clk 01:19:12]} {[%emt 00:01:51]} 5. Bg2 {[%clk 01:30:48]} {[%emt 00:00:06]}
d6 {[%clk 01:19:05]} {[%emt 00:00:36]} 6. O-O {[%clk 01:31:03]} {[%emt
00:00:15]} Nc6 {[%clk 01:15:50]} {[%emt 00:03:46]} 7. Rb1 {[%clk 01:26:33]}
{[%emt 00:05:00]} a5 {[%clk 01:08:22]} {[%emt 00:07:58]} 8. d3 {[%clk
01:24:05]} {[%emt 00:02:58]} e5 {[%clk 01:06:35]} {[%emt 00:02:17]} 9. Bg5
{[%clk 01:23:29]} {[%emt 00:01:03]} h6 {[%clk 01:04:38]} {[%emt 00:02:30]} 10.
Bxf6 {[%clk 01:23:52]} {[%emt 00:00:07]} Bxf6 {[%clk 01:05:04]} {[%emt
00:00:04]} 11. a3 {[%clk 01:23:21]} {[%emt 00:01:00]} Bg7 {[%clk 01:04:17]}
{[%emt 00:01:17]} 12. b4 {[%clk 01:19:15]} {[%emt 00:04:35]} f5 {[%clk
01:04:20]} {[%emt 00:00:28]} 13. Nd5 {[%clk 01:11:55]} {[%emt 00:07:50]} Ne7
{[%clk 01:01:09]} {[%emt 00:03:42]} 14. Nd2 {[%clk 00:55:05]} {[%emt 00:17:20]}
axb4 {[%clk 00:55:56]} {[%emt 00:05:42]} 15. axb4 {[%clk 00:55:09]} {[%emt
00:00:26]} g5 {[%clk 00:53:20]} {[%emt 00:03:07]} 16. c5 {[%clk 00:45:41]}
{[%emt 00:09:57]} Nxd5 {[%clk 00:46:32]} {[%emt 00:07:18]} 17. Bxd5+ {[%clk
00:44:52]} {[%emt 00:01:19]} Kh7 {[%clk 00:47:01]} {[%emt 00:00:01]} 18. cxd6
{[%clk 00:45:04]} {[%emt 00:00:18]} Qxd6 {[%clk 00:47:27]} {[%emt 00:00:04]} 19.
Bg2 {[%clk 00:44:56]} {[%emt 00:00:38]} Rd8 {[%clk 00:41:18]} {[%emt 00:06:40]}
20. Nc4 {[%clk 00:39:12]} {[%emt 00:06:14]} Qe7 {[%clk 00:39:56]} {[%emt
00:01:51]} 21. Qc2 {[%clk 00:39:24]} {[%emt 00:00:19]} Ra7 {[%clk 00:39:21]}
{[%emt 00:01:05]} 22. Rfc1 {[%clk 00:23:19]} {[%emt 00:16:35]} b6 {[%clk
00:38:49]} {[%emt 00:01:01]} 23. Ne3 {[%clk 00:22:03]} {[%emt 00:01:45]} Qf7
{[%clk 00:38:26]} {[%emt 00:00:54]} 24. Ra1 {[%clk 00:18:09]} {[%emt 00:04:24]}
Rxa1 {[%clk 00:38:05]} {[%emt 00:00:51]} 25. Rxa1 {[%clk 00:17:42]} {[%emt
00:00:57]} e4 {[%clk 00:22:51]} {[%emt 00:15:45]} 26. Ra7 {[%clk 00:17:56]}
{[%emt 00:00:15]} exd3 {[%clk 00:23:19]} {[%emt 00:00:02]} 27. exd3 {[%clk
00:18:12]} {[%emt 00:00:13]} Be5 {[%clk 00:23:25]} {[%emt 00:00:25]} 28. Ra8
{[%clk 00:11:22]} {[%emt 00:07:20]} Qf8 {[%clk 00:08:57]} {[%emt 00:14:58]} 29.
d4 {[%clk 00:06:17]} {[%emt 00:05:35]} Bd6 {[%clk 00:09:27]} 30. Nxf5 {[%clk
00:05:26]} {[%emt 00:01:21]} Bxf5 {[%clk 00:09:53]} {[%emt 00:00:04]} 31. Rxd8
{[%clk 00:05:46]} {[%emt 00:00:10]} Bxc2 {[%clk 00:10:20]} {[%emt 00:00:02]}
0-1

[Event "European Chess Club Cup 2023"]
[Site "Durres, Albania"]
[Date "2023.10.02"]
[Round "2.71"]
[White "Kilic, Eray"]
[Black "Kjartansson, David"]
[Result "1-0"]
[TimeControl "90' + 30' & 30\""]
[WhiteElo "2432"]
[BlackElo "2279"]

1. e4 {[%clk 01:30:57]} {[%emt 00:00:02]} c5 {[%clk 01:30:27]} {[%emt
00:00:34]} 2. Nf3 {[%clk 01:31:22]} {[%emt 00:00:05]} Nc6 {[%clk 01:30:22]}
{[%emt 00:00:34]} 3. Bb5 {[%clk 01:31:42]} {[%emt 00:00:10]} g6 {[%clk
01:30:23]} {[%emt 00:00:29]} 4. O-O {[%clk 01:32:07]} {[%emt 00:00:05]} Bg7
{[%clk 01:30:43]} {[%emt 00:00:10]} 5. Re1 {[%clk 01:32:35]} {[%emt 00:00:03]}
e5 {[%clk 01:29:55]} {[%emt 00:01:17]} 6. b4 {[%clk 01:33:02]} {[%emt
00:00:03]} cxb4 {[%clk 01:27:35]} {[%emt 00:02:50]} 7. a3 {[%clk 01:32:59]}
{[%emt 00:00:33]} Nge7 {[%clk 01:23:41]} {[%emt 00:04:24]} 8. axb4 {[%clk
01:32:44]} {[%emt 00:00:46]} O-O {[%clk 01:23:51]} {[%emt 00:00:19]} 9. Bb2
{[%clk 01:22:45]} {[%emt 00:10:29]} d6 {[%clk 01:22:53]} {[%emt 00:01:28]} 10.
Bxc6 {[%clk 01:19:48]} {[%emt 00:03:29]} bxc6 {[%clk 01:16:45]} {[%emt
00:06:37]} 11. d4 {[%clk 01:20:12]} {[%emt 00:00:05]} Qc7 {[%clk 01:02:36]}
{[%emt 00:14:39]} 12. dxe5 {[%clk 01:17:36]} {[%emt 00:03:07]} dxe5 {[%clk
01:02:54]} {[%emt 00:00:11]} 13. Ra5 {[%clk 01:18:03]} {[%emt 00:00:03]} Bg4
{[%clk 00:56:03]} {[%emt 00:07:20]} 14. h3 {[%clk 01:17:41]} {[%emt 00:00:56]}
Rfd8 {[%clk 00:54:19]} {[%emt 00:02:11]} 15. Qe2 {[%clk 01:18:05]} {[%emt
00:00:06]} Bxf3 {[%clk 00:54:00]} {[%emt 00:00:49]} 16. Qxf3 {[%clk 01:18:30]}
{[%emt 00:00:05]} Rab8 {[%clk 00:53:23]} {[%emt 00:01:07]} 17. Qa3 {[%clk
01:17:43]} {[%emt 00:01:18]} Nc8 {[%clk 00:52:09]} {[%emt 00:01:43]} 18. c4
{[%clk 01:15:28]} {[%emt 00:02:45]} Qe7 {[%clk 00:48:29]} {[%emt 00:04:09]} 19.
c5 {[%clk 01:12:11]} {[%emt 00:03:48]} Qe6 {[%clk 00:40:01]} {[%emt 00:08:58]}
20. Bc3 {[%clk 01:12:23]} {[%emt 00:00:19]} Rb7 {[%clk 00:38:50]} {[%emt
00:01:40]} 21. Ra6 {[%clk 01:10:34]} {[%emt 00:02:20]} Rdd7 {[%clk 00:29:27]}
{[%emt 00:09:53]} 22. Qa4 {[%clk 01:05:31]} {[%emt 00:05:33]} Ne7 {[%clk
00:28:47]} {[%emt 00:01:09]} 23. Na3 {[%clk 01:05:55]} {[%emt 00:00:06]} Qa2
{[%clk 00:20:59]} {[%emt 00:08:18]} 24. Kf1 {[%clk 00:59:29]} {[%emt 00:06:56]}
Rd3 {[%clk 00:16:32]} {[%emt 00:04:56]} 25. Ra1 {[%clk 00:57:45]} {[%emt
00:02:16]} Qe6 {[%clk 00:16:35]} {[%emt 00:00:26]} 26. Qc2 {[%clk 00:57:23]}
{[%emt 00:00:52]} Rbd7 {[%clk 00:16:19]} {[%emt 00:00:46]} 27. Rxa7 {[%clk
00:51:27]} {[%emt 00:06:26]} Rd8 {[%clk 00:06:53]} {[%emt 00:09:56]} 28. Kg1
{[%clk 00:48:40]} {[%emt 00:03:16]} h5 {[%clk 00:05:08]} {[%emt 00:02:16]} 29.
Ra8 {[%clk 00:47:15]} {[%emt 00:01:56]} Nc8 {[%clk 00:01:23]} {[%emt 00:04:14]}
30. b5 {[%clk 00:47:44]} {[%emt 00:00:01]} cxb5 {[%clk 00:01:32]} {[%emt
00:00:21]} 31. Ba5 {[%clk 00:48:13]} {[%emt 00:00:02]} 1-0